CHILD-CENTRED nursing: promoting critical thinking

Uloženo v:
Podrobná bibliografie
Médium: Kniha
Jazyk:angličtina
Vydáno: Sage 2014
Tagy: Přidat tag
Žádné tagy, Buďte první, kdo vytvoří štítek k tomuto záznamu!

MARC

LEADER 00000nam a22000007a 4500
008 210125b ||||| |||| 00| 0 eng d
020 |a 978-1-4462-4860-7 
245 |a CHILD-CENTRED nursing:   |b promoting critical thinking  |c Bernie Carter…[et al.].   |g vii, 179p.: ill. 
250 |c Bernie Carter…[et al.].  
260 |b Sage  |c 2014  |h Los Angeles:   |i 693252   |i 693253   |l RJ245 .C43  |m Pediatric nursing.  |m Child health services.  |m Child. 
500 |a “It includes references and index”. 
942 |a lcc  |c BK  |e Adeniran, F. A  |f 25/01/2021 
952 |0 0  |1 0  |2 lcc  |4 0  |6 RJ0245 C43  |7 0  |9 1724  |a HOL  |b HE  |c QZ  |d 2021-01-25  |l 0  |o RJ245 .C43  |p 2021-0502  |r 2021-01-25 00:00:00  |w 2021-01-25  |y BK 
952 |0 0  |1 0  |2 lcc  |4 0  |6 RJ0245 C43  |7 0  |9 1725  |a HOL  |b HOL  |c QZ  |d 2021-01-25  |l 0  |o RJ245 .C43  |p 2021-0503  |r 2021-01-25 00:00:00  |w 2021-01-25  |y BK 
999 |c 915  |d 915